[Event "Pardubice op rapid 29th"]
[Site "Pardubice"]
[Date "2018.07.19"]
[Round "6"]
[White "Hajek, Jiri2222"]
[Black "Annenkov, Kirill"]
[Result "0-1"]
[WhiteElo "2081"]
[BlackElo "2214"]
[PlyCount "142"]
[EventDate "2018.07.18"]
[EventType "swiss (rapid)"]
[EventRounds "9"]
[EventCountry "CZE"]
[SourceTitle "CBM 185 Extra"]
[Source "ChessBase"]
[SourceDate "2018.07.29"]
[SourceVersion "1"]
[SourceVersionDate "2018.07.29"]
[SourceQuality "1"]

1. e4 c6 2. Nf3 d5 3. Nc3 Bg4 4. d4 e6 5. Be2 Nf6 6. exd5 cxd5 7. 0-0 Nc6 8. h3 Bh5 9. Be3 Bd6 10. Nb5 Be7 11. a4 0-0 12. Ne5 Bxe2 13. Qxe2 Rc8 14. Rfd1 a6 15. Na3 Na5 16. c4 Bxa3 17. Rxa3 Nxc4 18. Nxc4 dxc4 19. Bg5 Qd5 20. Bxf6 gxf6 21. Rf3 f5 22. Rg3+ Kh8 23. Qh5 Qd8 24. d5 Qf6 25. d6 Rcd8 26. d7 b5 27. axb5 axb5 28. Rd2 Rg8 29. Rxg8+ Kxg8 30. Qf3 Qe5 31. Kf1 Kf8 32. Qc6 Ke7 33. Qc8 h5 34. g3 h4 35. gxh4 f4 36. Qc6 Kf6 37. Qb6 Ke7 38. h5 Qe4 39. Qd6+ Kf6 40. Qd4+ Qxd4 41. Rxd4 e5 42. Rd2 e4 43. h6 Kg6 44. Rd6+ f6 45. Ke2 Kxh6 46. Rxf6+ Kg5 47. Rd6 Kf5 48. Rd5+ Ke6 49. Rxb5 Rxd7 50. h4 Rd3 51. h5 Rh3 52. h6 Rh2 53. Rb6+ Kd5 54. Ke1 f3 55. Rg6 Kc5 56. Rg5+ Kd4 57. Rg6 Kd3 58. Rd6+ Kc2 59. Rd2+ Kb3 60. Rd4 Rxh6 61. Rxe4 Rc6 62. Re3+ Kxb2 63. Rxf3 c3 64. Re3 c2 65. Re2 Kb3 66. Rxc2 Kxc2 67. Ke2 Re6+ 68. Kf3 Kd3 69. Kg4 Re2 70. f4 Ke4 71. f5 Rg2+ 0-1

[Event "Pardubice op rapid 29th"]
[Site "Pardubice"]
[Date "2018.07.18"]
[Round "2"]
[White "Manik, Mikulas"]
[Black "Annenkov, Kirill"]
[Result "1-0"]
[WhiteElo "2400"]
[BlackElo "2214"]
[PlyCount "63"]
[EventDate "2018.07.18"]
[EventType "swiss (rapid)"]
[EventRounds "9"]
[EventCountry "CZE"]
[SourceTitle "CBM 185 Extra"]
[Source "ChessBase"]
[SourceDate "2018.07.29"]
[SourceVersion "1"]
[SourceVersionDate "2018.07.29"]
[SourceQuality "1"]

1. e4 c6 2. d4 d5 3. exd5 cxd5 4. Bd3 Nc6 5. c3 Qc7 6. h3 Nf6 7. Nf3 g6 8. 0-0 Bf5 9. Re1 Bxd3 10. Qxd3 Bg7 11. Ne5 0-0 12. Bf4 Qb6 13. b3 Nxe5 14. Bxe5 Rac8 15. Nd2 Rfd8 16. a4 a5 17. Rab1 e6 18. Qf3 Ne8 19. Bxg7 Kxg7 20. Re3 Nd6 21. g4 Rc6 22. Qf4 Qc7 23. Rc1 Rc8 24. Rf3 b5 25. axb5 Nxb5 26. Qf6+ Kg8 27. c4 dxc4 28. bxc4 Qd7 29. Ne4 Nxd4 30. Re3 e5 31. Qxe5 Nf3+ 32. Rxf3 1-0

[Event "Heart of Finland op 25th"]
[Site "Jyvaskyla"]
[Date "2015.07.14"]
[Round "2"]
[White "Annenkov, Kirill"]
[Black "Bottema, Martin"]
[Result "1/2-1/2"]
[WhiteElo "2210"]
[BlackElo "2093"]
[PlyCount "72"]
[EventDate "2015.07.13"]
[EventType "swiss"]
[EventRounds "9"]
[EventCountry "FIN"]
[SourceTitle "CBM 167 Extra"]
[Source "ChessBase"]
[SourceDate "2015.09.14"]
[SourceVersion "1"]
[SourceVersionDate "2015.09.14"]
[SourceQuality "1"]

1. d4 Nf6 2. c4 e6 3. g3 Bb4+ 4. Nd2 c5 5. Ngf3 cxd4 6. Nxd4 Nc6 7. Nc2 Be7 8. Bg2 0-0 9. 0-0 b6 10. b3 Bb7 11. Bb2 Qc7 12. e4 d6 13. Qe2 Rac8 14. f4 a6 15. Ne3 Rfe8 16. g4 Qb8 17. g5 Nd7 18. h4 Qa7 19. a4 Nb4 20. f5 Bf8 21. f6 g6 22. h5 b5 23. hxg6 hxg6 24. Rf3 Nc2 25. Kh1 Nd4 26. Bxd4 Qxd4 27. Raf1 Qe5 28. Qf2 Qxg5 29. Rg3 Qh4+ 30. Kg1 Ne5 31. Nf3 Qf4 32. Nxe5 dxe5 33. Qe1 Bb4 34. Qf2 Bc5 35. Qe1 Bb4 36. Qf2 Bc5 1/2-1/2

[Event "Rilton Cup 43rd"]
[Site "Stockholm"]
[Date "2014.01.03"]
[Round "7"]
[White "Poley, Vladimir"]
[Black "Annenkov, Kirill"]
[Result "1-0"]
[WhiteElo "2300"]
[BlackElo "2232"]
[PlyCount "67"]
[EventDate "2013.12.27"]
[EventType "swiss"]
[EventRounds "9"]
[EventCountry "SWE"]
[SourceTitle "CBM 158 Extra"]
[Source "ChessBase"]
[SourceDate "2014.02.28"]
[SourceVersion "1"]
[SourceVersionDate "2014.02.28"]
[SourceQuality "1"]

1. d4 d5 2. g3 Nf6 3. Bg2 c6 4. Nh3 Bf5 5. f3 e6 6. Nf2 Be7 7. 0-0 0-0 8. c3 Bg6 9. Nd2 c5 10. e3 Nc6 11. Re1 Rc8 12. Nf1 b5 13. g4 b4 14. a3 cxd4 15. cxd4 bxa3 16. bxa3 Na5 17. e4 Nc4 18. Ng3 dxe4 19. fxe4 e5 20. g5 Nd7 21. h4 exd4 22. h5 Nde5 23. hxg6 fxg6 24. Nh3 d3 25. Ra2 Qd7 26. Kh1 Nf3 27. Nf4 d2 28. Bxd2 Nfxd2 29. Bh3 Qc7 30. Be6+ Kh8 31. Nxg6+ hxg6 32. Qg4 Bxg5 33. Qxg5 Rf4 34. Re2 1-0

[Event "Stockholm op"]
[Site "Stockholm"]
[Date "2011.08.21"]
[Round "9"]
[White "Westerberg, Jonathan"]
[Black "Annenkov, Kirill"]
[Result "1/2-1/2"]
[WhiteElo "2313"]
[BlackElo "2262"]
[PlyCount "22"]
[EventDate "2011.06.01"]
[EventType "swiss"]
[EventRounds "7"]
[EventCountry "SWE"]
[SourceTitle "CBM 142 Extra"]
[Source "ChessBase"]
[SourceDate "2011.06.27"]
[SourceVersion "1"]
[SourceVersionDate "2011.06.27"]
[SourceQuality "1"]

1. e4 c6 2. d4 d5 3. Nd2 dxe4 4. Nxe4 Nd7 5. Nf3 Ngf6 6. Nxf6+ Nxf6 7. Bc4 Bf5 8. Qe2 e6 9. Bg5 Be7 10. 0-0-0 0-0 11. Ne5 Nd7 1/2-1/2

[Event "Stockholm op"]
[Site "Stockholm"]
[Date "2011.08.19"]
[Round "7"]
[White "Evertsson, Lennart"]
[Black "Annenkov, Kirill"]
[Result "1-0"]
[WhiteElo "2109"]
[BlackElo "2262"]
[PlyCount "147"]
[EventDate "2011.06.01"]
[EventType "swiss"]
[EventRounds "7"]
[EventCountry "SWE"]
[SourceTitle "CBM 142 Extra"]
[Source "ChessBase"]
[SourceDate "2011.06.27"]
[SourceVersion "1"]
[SourceVersionDate "2011.06.27"]
[SourceQuality "1"]

1. c4 c6 2. Nf3 d5 3. e3 Nf6 4. Nc3 Bf5 5. Qb3 Qb6 6. Qxb6 axb6 7. cxd5 Nxd5 8. Nxd5 cxd5 9. Nd4 Bd7 10. b3 e5 11. Nc2 Nc6 12. Bb2 f6 13. h4 Bd6 14. f3 Ke7 15. Bd3 h5 16. Be2 Ra7 17. 0-0 Rc8 18. f4 Be8 19. fxe5 fxe5 20. Ne1 Rca8 21. a4 Na5 22. Bd1 Bg6 23. Nf3 Nc6 24. Ng5 Rc8 25. Rc1 Raa8 26. Bc2 Be8 27. Bf5 Rcb8 28. Be6 Ra5 29. Bc3 Rc5 30. b4 Rc4 31. Bxd5 Rxh4 32. e4 Ra8 33. Nf3 Rg4 34. b5 Nd4 35. Bxd4 exd4 36. Rc4 d3 37. Rfc1 Bc5+ 38. Kf1 Bd7 39. R1c3 Rf4 40. Rxd3 g5 41. Ke2 Raf8 42. Rb3 g4 43. Nh4 Rf2+ 44. Kd3 Kf6 45. Kc2 Kg5 46. g3 Bd6 47. Bxb7 Bxg3 48. Rxg3 Kxh4 49. Rg1 g3 50. Rc7 Rd8 51. Bd5 g2 52. a5 Bxb5 53. axb6 Bf1 54. b7 Rb8 55. Rh7 Rff8 56. e5 Rfd8 57. Be4 Kg3 58. Bxg2 Bd3+ 59. Kc3 Bxh7 60. Bc6+ Kf4 61. d4 Bg8 62. Rf1+ Kg5 63. Rg1+ Kh6 64. Be4 h4 65. e6 Rd6 66. d5 Bh7 67. Bxh7 Rxd5 68. Be4 Re5 69. Kd4 Rxe6 70. Rg4 Rd8+ 71. Kc5 Kh5 72. Bf3 Re3 73. Rg8+ Rxf3 74. Rxd8 1-0

[Event "Stockholm op"]
[Site "Stockholm"]
[Date "2011.08.16"]
[Round "4"]
[White "Annenkov, Kirill"]
[Black "Wahlstedt, Mats"]
[Result "1-0"]
[WhiteElo "2262"]
[BlackElo "2043"]
[PlyCount "81"]
[EventDate "2011.06.01"]
[EventType "swiss"]
[EventRounds "7"]
[EventCountry "SWE"]
[SourceTitle "CBM 142 Extra"]
[Source "ChessBase"]
[SourceDate "2011.06.27"]
[SourceVersion "1"]
[SourceVersionDate "2011.06.27"]
[SourceQuality "1"]

1. d4 Nf6 2. c4 g6 3. g3 d6 4. Bg2 Bg7 5. Nf3 0-0 6. 0-0 Nc6 7. Nc3 Rb8 8. b3 Bf5 9. Nh4 Bg4 10. h3 Bd7 11. Be3 a6 12. Rc1 b5 13. cxb5 axb5 14. d5 Na5 15. Qd2 b4 16. Nd1 Rb5 17. Nb2 Qb8 18. Rfd1 e6 19. dxe6 fxe6 20. Bh6 e5 21. Rc2 Be6 22. Bxg7 Kxg7 23. Rdc1 Rf7 24. Qd3 Ne8 25. Nf3 Bf5 26. e4 Bc8 27. Nd1 Bd7 28. Ne3 Nb7 29. Ng5 Rf8 30. Ne6+ Bxe6 31. Qxb5 Qa7 32. Qxb4 c5 33. Qd2 Na5 34. b4 Nc6 35. bxc5 Nd4 36. cxd6 Rf7 37. Nc4 Bxc4 38. Rxc4 Nxd6 39. Rc5 Qa3 40. Kh2 Re7 41. Rxe5 1-0

[Event "Soukhumi op"]
[Site "Soukhumi"]
[Date "2007.08.03"]
[Round "1"]
[White "Alavkin, Arseny Nailievich"]
[Black "Annenkov, Kirill"]
[Result "1-0"]
[WhiteElo "2500"]
[BlackElo "2266"]
[PlyCount "63"]
[EventDate "2007.08.03"]
[EventType "swiss"]
[EventRounds "9"]
[EventCountry "RUS"]
[SourceTitle "EXT 2009"]
[Source "ChessBase"]
[SourceDate "2008.11.26"]
[SourceVersion "1"]
[SourceVersionDate "2008.11.26"]
[SourceQuality "1"]

1. e4 c6 2. d4 d5 3. Nd2 dxe4 4. Nxe4 Nd7 5. Nf3 Ngf6 6. Ng3 g6 7. Bd3 Bg7 8. 0-0 0-0 9. Re1 b6 10. Bg5 Bb7 11. Ne5 c5 12. dxc5 Nxc5 13. Qe2 e6 14. Ng4 Qd4 15. Bxf6 Bxf6 16. c3 Qf4 17. Nf5 Bg5 18. Nd4 h5 19. Ne5 Kh7 20. Rad1 Bf6 21. Nd7 Bg7 22. Nxf8+ Rxf8 23. Qe3 Qg4 24. Qg3 Qxg3 25. hxg3 a6 26. Nf3 Rc8 27. Bf1 Bf6 28. b4 Bxf3 29. gxf3 Na4 30. Bxa6 Rxc3 31. Bb5 Ra3 32. Rd7 1-0

[Event "Kostroma Volga Cup"]
[Site "Kostroma"]
[Date "2007.07.11"]
[Round "11"]
[White "Vorobjov, Denis S"]
[Black "Annenkov, Kirill"]
[Result "0-1"]
[WhiteElo "2242"]
[BlackElo "2266"]
[PlyCount "76"]
[EventDate "2007.07.03"]
[EventType "tourn"]
[EventRounds "11"]
[EventCountry "RUS"]
[EventCategory "2"]
[SourceTitle "EXT 2010"]
[Source "ChessBase"]
[SourceDate "2010.11.25"]
[SourceVersion "1"]
[SourceVersionDate "2010.11.25"]
[SourceQuality "1"]

1. Nf3 Nf6 2. c4 c6 3. g3 d5 4. b3 Bf5 5. Bg2 e6 6. Bb2 h6 7. 0-0 Be7 8. d3 0-0 9. Nbd2 c5 10. cxd5 exd5 11. d4 Nc6 12. Rc1 b6 13. Re1 Rc8 14. a3 Ne4 15. e3 cxd4 16. Rxc6 Rxc6 17. Nxd4 Rf6 18. f3 Nxd2 19. Qxd2 Bg6 20. Rc1 a6 21. Nc6 Qd7 22. Nxe7+ Qxe7 23. Bxf6 Qxf6 24. Qc3 Qe7 25. b4 a5 26. Rd1 axb4 27. axb4 Qe6 28. Rd2 Rc8 29. Qb3 Rc4 30. Bf1 Rc1 31. Rxd5 Qf6 32. Rd2 Qxf3 33. Rf2 Qc6 34. b5 Qc5 35. Rf3 Rb1 36. Qa4 Qd5 37. Rf4 Bd3 38. Qd4 Qxb5 0-1

[Event "Keres Memorial (Women)"]
[Site "Tallinn"]
[Date "2007.01.11"]
[Round "8"]
[White "Annenkov, Kirill"]
[Black "Tsiganova, Monika"]
[Result "1-0"]
[WhiteElo "2284"]
[BlackElo "2214"]
[PlyCount "75"]
[EventDate "2007.01.06"]
[EventType "tourn"]
[EventRounds "9"]
[EventCountry "EST"]
[SourceTitle "CBM 116 Extra"]
[Source "ChessBase"]
[SourceDate "2007.03.07"]
[SourceVersion "1"]
[SourceVersionDate "2007.03.07"]
[SourceQuality "1"]

1. d4 Nf6 2. c4 g6 3. g3 Bg7 4. Bg2 0-0 5. Nf3 d6 6. 0-0 Nbd7 7. Qc2 e5 8. dxe5 dxe5 9. Rd1 Re8 10. e4 c6 11. h3 Qe7 12. b3 Nc5 13. Nc3 a5 14. Ba3 b6 15. Na4 Rb8 16. Bxc5 bxc5 17. Rd2 Bh6 18. Re2 Bf8 19. Rd1 h6 20. Red2 Qc7 21. Ne1 Be6 22. Nd3 Nd7 23. Qc3 h5 24. Kh1 Kh7 25. f4 Bg7 26. f5 gxf5 27. Ndxc5 Nxc5 28. Nxc5 Bc8 29. Qf3 Qe7 30. Qxh5+ Kg8 31. Nd7 Rb7 32. Qxf5 Rc7 33. h4 c5 34. Bh3 Rc6 35. Qf2 Kh8 36. Bf5 Bh6 37. Rd5 a4 38. Rxe5 1-0

[Event "Keres Memorial (Women)"]
[Site "Tallinn"]
[Date "2007.01.08"]
[Round "4"]
[White "Annenkov, Kirill"]
[Black "Gansvind, Valeriya I"]
[Result "1/2-1/2"]
[WhiteElo "2284"]
[BlackElo "2252"]
[PlyCount "66"]
[EventDate "2007.01.06"]
[EventType "tourn"]
[EventRounds "9"]
[EventCountry "EST"]
[SourceTitle "CBM 116 Extra"]
[Source "ChessBase"]
[SourceDate "2007.03.07"]
[SourceVersion "1"]
[SourceVersionDate "2007.03.07"]
[SourceQuality "1"]

1. d4 g6 2. c4 d6 3. g3 Bg7 4. Bg2 Nc6 5. d5 Ne5 6. f4 Nd7 7. Nc3 Ngf6 8. e4 0-0 9. Be3 Nb6 10. Qd3 Ng4 11. Bd2 e6 12. h3 Nf6 13. Nge2 Re8 14. 0-0 exd5 15. cxd5 Bd7 16. a4 a5 17. Be3 c6 18. dxc6 bxc6 19. Kh2 Bf8 20. Rad1 Rb8 21. Qa6 d5 22. Bd4 c5 23. Bxf6 Qxf6 24. e5 Qf5 25. b3 Bc6 26. Qxa5 Qc8 27. Nb5 Qb7 28. Qd2 d4 29. Bxc6 Qxc6 30. Rc1 Qe4 31. Rfe1 Qf3 32. Ng1 Qxb3 33. Nd6 Bxd6 1/2-1/2

[Event "Keres Memorial (Women)"]
[Site "Tallinn"]
[Date "2007.01.07"]
[Round "2"]
[White "Annenkov, Kirill"]
[Black "Skinke, Katrina"]
[Result "0-1"]
[WhiteElo "2284"]
[BlackElo "2132"]
[PlyCount "54"]
[EventDate "2007.01.06"]
[EventType "tourn"]
[EventRounds "9"]
[EventCountry "EST"]
[SourceTitle "CBM 116 Extra"]
[Source "ChessBase"]
[SourceDate "2007.03.07"]
[SourceVersion "1"]
[SourceVersionDate "2007.03.07"]
[SourceQuality "1"]

1. d4 Nf6 2. c4 g6 3. g3 Bg7 4. Bg2 d6 5. Nf3 0-0 6. 0-0 Nc6 7. Nc3 e5 8. dxe5 dxe5 9. Qxd8 Rxd8 10. Bg5 Be6 11. Nd2 h6 12. Bxf6 Rxd2 13. Bxg7 Kxg7 14. b3 Rad8 15. e3 f5 16. Nb5 Nb4 17. Nxc7 Bf7 18. a3 Nd3 19. Bd5 Rd7 20. Bxf7 Rxc7 21. Bd5 e4 22. f3 exf3 23. Rad1 Rg2+ 24. Kh1 Nf2+ 25. Rxf2 Rxf2 26. Kg1 Re2 27. Rd3 Re7 0-1